|
|
|
|
| LEADER |
00836nam a2200205 a 4500 |
| 008 |
091206s1995 ii a 000 0 eng d |
| 020 |
|
|
|a 8171693210
|
| 040 |
|
|
|a Y3N
|c Y3N
|
| 082 |
0 |
0 |
|a 330/.07/1273
|2 20
|
| 100 |
1 |
|
|a Meagher, Robert F.
|
| 245 |
0 |
0 |
|a Teaching of economics /
|c edited by Kadambari Sharma, Tripat Tuteja.
|
| 260 |
|
|
|a New Delhi :
|b Common Wealth Publishers,
|c 1995.
|
| 300 |
|
|
|a iv, 311 p. :
|b ill. ;
|c 22 cm.
|
| 541 |
1 |
|
|e 00010944
|
| 650 |
|
0 |
|a Economics
|x Study and teaching (Secondary).
|
| 700 |
1 |
|
|a Sharma, Kadambari.
|
| 700 |
1 |
|
|a Tuteja, Tripat.
|
| 852 |
4 |
|
|a Ayesha Abed Library
|j General shelf
|
| 999 |
|
|
|c 6003
|d 6003
|
| 952 |
|
|
|0 0
|1 0
|2 ddc
|4 0
|6 330_071273000000000_MEA_1995
|7 0
|9 5989
|a BRACUL
|b BRACUL
|c GEN
|d 2009-12-07
|g 0.00
|l 0
|o 330.071273 MEA
|p 3010010944
|r 2009-12-07
|t 1
|w 2009-12-07
|y BK
|x No price found in the accession register.
|